Movies Quiz

Random Movies or Disney Quiz

Disney song with No Clues Quiz Stats

 Plays Quiz not verified by Sporcle

Challenge
Share
Tweet
Embed
Score 0/107 Timer 08:00
0 Plays Today
% Correct
a
99.4%
a
99.4%
the
99.4%
the
99.4%
the
99.4%
and
99.4%
the
99.4%
the
99.4%
and
99.4%
the
99.4%
the
99.4%
a
99.4%
and
99.4%
a
99.4%
a
99.4%
and
99.4%
the
99.4%
i
96.8%
to
67.9%
in
63%
in
63%
on
62.2%
on
62.2%
on
62.2%
is
61.9%
when
60.4%
where
58%
where
58%
of
58%
if
50.6%
they
50%
they
50%
there
49.8%
your
47.6%
your
47.6%
are
46.3%
% Correct
like
40.5%
like
40.5%
from
40.2%
from
40.2%
from
40.2%
from
40.2%
not
38.5%
it's
35.6%
it's
35.6%
but
34.1%
come
33.3%
come
33.3%
don't
32.6%
night
32.6%
land
31.7%
place
31%
by
29.8%
down
29.1%
off
28%
off
27.2%
oh
26.5%
out
26.5%
than
25.5%
than
25.5%
home
24.2%
more
23.7%
good
23.7%
could
23.5%
fly
23.2%
arabian
21.9%
arabian
21.9%
arabian
21.9%
arabian
21.9%
arabian
21.9%
days
21.3%
faraway
21.1%
% Correct
his
19.9%
east
19.7%
nights
19.7%
nights
19.7%
hot
19.6%
west
19.1%
hey
18.7%
lot
18.5%
sand
18.3%
another
18.3%
stop
17.9%
roam
17.7%
face
17.7%
right
17.6%
carpet
17.6%
camels
17.4%
barbaric
17.3%
ways
17.3%
hop
17%
often
17%
ear
16.8%
hotter
16.5%
fall
16.4%
fall
16.4%
wind's
16.2%
cut
15.4%
moons
15.3%
hard
15.3%
caravan
15.1%
fool
14.7%
dunes
14.4%
guard
12.7%
sun's
12.4%
glass
10.2%
'neath
7.8%

You're not logged in!

Compare scores with friends on all Sporcle quizzes.
OR
Log In

You Might Also Like...

Show Comments

Extras

Created Aug 8, 2010ReportNominate
Tags:Disney Quiz, Song Quiz

Top Quizzes Today


Score Distribution

Your Account Isn't Verified!

In order to create a playlist on Sporcle, you need to verify the email address you used during registration. Go to your Sporcle Settings to finish the process.

Report this User

Report this user for behavior that violates our Community Guidelines.

Details: